书目信息 |
| 题名: |
自卑与超越
|
|
| 作者: | 阿德勒 著 ;黄光国 译 | |
| 分册: | ||
| 出版信息: | 北京 作家出版社 1986 |
|
| 页数: | 242页 | |
| 开本: | 19cm | |
| 丛书名: | 作家参考丛书 | |
| 单 册: | ||
| 中图分类: | B848.6 , B84 | |
| 科图分类: | ||
| 主题词: | 性格--研究 , 心理学 | |
| 电子资源: | ||
| ISBN: | ||
| 000 | 00792nam2 2200301 450 | |
| 001 | 1254914043 | |
| 005 | 20120928152221.01 | |
| 010 | @dCNY1.60 | |
| 091 | @a10248.0102 | |
| 100 | @a19971217d1986 em y0chiy0110 ea | |
| 101 | 1 | @achi@cger |
| 102 | @aCN@b110000 | |
| 105 | @ay z 000yy | |
| 106 | @ar | |
| 200 | 1 | @a自卑与超越@Azi bei yu chao yue@f(奥)阿德勒著@g黄光国译 |
| 210 | @a北京@c作家出版社@d1986 | |
| 215 | @a242页@d19cm | |
| 225 | 2 | @a作家参考丛书 |
| 410 | 0 | @12001 @a作家参考丛书 |
| 606 | 0 | @a性格@x研究 |
| 606 | 0 | @a心理学 |
| 610 | 0 | @a自卑 |
| 690 | @aB848.6@v3 | |
| 690 | @aB84@v4 | |
| 701 | 1 | @a阿德勒@Aa de le@4著 |
| 702 | 0 | @a黄光国@f(1945~)@Ahuang guang guo@4译 |
| 801 | 0 | @aCN@b广东省中山图书馆@c19971217 |
| 905 | @a10447@dB84@eJY70 | |
| 自卑与超越/(奥)阿德勒著/黄光国译 .-北京:作家出版社,1986 |
| 242页;19cm .-(作家参考丛书 ) |
| ISBN :CNY1.60 |
| ● |
| 相关链接 |
|
|
|
|
正题名:自卑与超越
索取号:B84/JY70
 
预约/预借
| 序号 | 登录号 | 条形码 | 馆藏地/架位号 | 状态 | 备注 |
| 1 | 7830233 | 278302338 | 学院路分馆/ [索取号:B84/JY70] | 在馆 | |
| 2 | 7830234 | 278302347 | 学院路分馆/ [索取号:B84/JY70] | 在馆 | |
| 3 | 7830235 | 278302356 | 学院路分馆/ [索取号:B84/JY70] | 在馆 | |
| 4 | 7830236 | 278302365 | 学院路分馆/ [索取号:B84/JY70] | 在馆 |